Представление документа в формате RUSMARC

ПолеНазваниеЗначение
  Тип записи a
  Библиографический уровень m
001 Контрольный номер RU/SLIB/B/208740218
005 Дата корректировки 20240212162116.2
010 Индекс ISBN __
d Цена 520-00
100 Данные общей обработки __
a Данные общей обработки 20230125d1992 mk y0rusy028902 ca
101 Язык документа 0_
a Язык текста rus
102 Страна публикации __
a Страна публикации RU
105 Кодированные данные (монография) __
a Кодированные данные (монография) a f 000yy
181 Поле кодированных данных: вид содержания _0
a Код вида содержания (ISBD) i
182 Поле кодированных данных: тип средства _0
a Код типа средства (ISBD) n
200 Заглавие и сведения об ответственности 1_
a Заглавие Популярная медицинская энциклопедия
e Сведения, относящиеся к заглавию в 1 т. : Аборт-Ящур
f Первые сведения об ответственности гл. ред. В.И. Покровский
b Общее обозначение материала Текст
210 Выходные данные 1_
a Место издания Москва
c Издательство Совет. энцикл.
d Дата издания 1992
215 Физическое описание __
a Объем 688 с.
c Иллюстрации/тип воспроизводства ил.
606 Тематические рубрики __
a Основная рубрика Здравоохранение. Медицинские науки
2 Код системы nlr_sh
606 Тематические рубрики __
a Основная рубрика Здравоохранение и медицинские науки в целом
2 Код системы nlr_sh
610 Ключевые слова 0_
a Ключевые слова медицинские термины; статьи; укрепление здоровья; физическое воспитание; гигиена; уход за больными; оказание медицинской помощи; оказание первой помощи; генетика; физиология
686 Индексы других классификаций __
a Классификационный индекс 5я20; ст5я2
2 Код системы rubbks
702 Вторичная интеллектуальная ответственность _1
a Фамилия Покровский
b Имя В. И.
4 Код отношения 651
4 Код отношения 340
f Даты 1929-2020
g Полное личное имя Валентин Иванович
801 Источник записи _0
a Страна RU
b Организация Муниципальное бюджетное учреждение культуры "Централизованная библиотечная система" г. Сургут (Центральная городская библиотека им. А. С. Пушкина)
g Правила каталогизации PSBO
801 Источник записи _1
a Страна RU
b Организация Муниципальное бюджетное учреждение культуры "Централизованная библиотечная система" г. Сургут (Центральная городская библиотека им. А. С. Пушкина)
g Правила каталогизации PSBO
852 Данные о местонахождении __
j Шифр хранения 5я20
i Авторский знак П 58
p Инвентарный номер 46222
901 Тип документа __
t Тип документа m
a Ответственный КиК/Михайлова
901 Тип документа __
a Ответственный СКБР2024
903 Характеристики (МАРС) __
c Наименование библиотеки (МАРС) Муниципальное бюджетное учреждение культуры "Централизованная библиотечная система" г. Сургут (Центральная городская библиотека им. А. С. Пушкина)
969 Тип издания __
a Тип издания энциклопедия
990 Данные о заказе (DOS) __
j Количество экземпляров (DOS) 8